01195nam a2200337Ic 450000100060000000300100000600500170001600700030003300800410003602000180007704000350009504100080013008200180013824500260015625000450018226400320022730000580025933600270031733700330034433800280037750000380040552100380044365000380048165000330051965000730055265000420062565000280066794200120069599900170070795201330072459916CO-BoRNBP20251112141514.0ta180815s2016 mx a g 000 0 spa  a9786072107151 aCO-BoRNBPbspaerdacCO-BoRNBP aspa04a641.5622bR2100aRecetas para bebés. aPrimera ediciónbprimera reimpresión 1aMéxico :bLarousse,c2016 a112 páginas :bilustraciones, fotografías a color atextobtxt2rdacontent asin mediaciónbn2rdamedia avolumenbnc2rdacarrier aRecomendado para público adulto aRecomendado para público adulto07aAlimentos para bebes2lemb96716507aAlimentos para niños2lemb07aConservación de alimentosvManuales, vademécum, etc2lemb96716607aHábitos alimenticios2armarc91781607aRecetarios2lemb959081 2ddccBK c59916d59916 00102ddc40708GENaMEMAPJGAbMEMAPJGAcGENd2025-11-12l0o641.5622 R21pMPJG00963r2025-11-12 14:15:52tEj.1w2025-11-12yBK